• 首页
  • 本馆介绍
  • 公告通知
  • 最新文献
  • 馆藏检索
  • 电子资源
  • 读者导购
  • 参考咨询
  • 我的图书馆
  • 登录
  • 详细信息显示
  • 放入我的书架
  • 预约/预借图书
  • 作者相关作品
  • 分类相关作品
  • 丛书相关作品
  • 出版社相关作品

书目信息

  • 表格格式
  • 工作单格式
  • 卡片格式
题名:
商业银行反洗钱有效性评价
    
 
作者: 张成虎, , 王宝运 , 孙陵霞 著
分册:  
出版信息: 北京   经济管理出版社  2015
页数: 259页
开本: 24cm
丛书名:
单 册:
中图分类: D924.334
科图分类:
主题词: 商业银行--shang ye yin hang--洗钱罪--犯罪控制--有效性--评价指标--研究--中国
电子资源:
ISBN: 978-7-5096-4006-7
000 01490nam0 2200277 450
001 2369685547
005 20231204192139.19
010    @a978-7-5096-4006-7@dCNY58.00
100    @a20160104d2015 em y0chiy50 ea
101 0  @achi
102    @aCN@b110000
105    @ak a 000yy
200 1  @a商业银行反洗钱有效性评价@Ashang ye yin hang fan xi qian you xiao xing ping jia@f张成虎, 王宝运, 孙陵霞著
210    @a北京@c经济管理出版社@d2015
215    @a259页@d24cm
300    @a陕西省社科基金后期资助项目
314    @a张成虎, 男, 1958年生, 管理学博士, 西安交大经济与金融学院教授, 银行信息管理系主任, 博士生导师。
320    @a有书目 (第240-259页)
330    @a本书在系统阐述商业银行在国家反洗钱中的核心地位与作用, 梳理商业银行反洗钱有效性的国内外文献及其现状的基础上, 深入剖析了商业银行反洗钱有效性的基本理论与方法, 通过问卷调查分析了影响商业银行反洗钱的关键因素, 构建结构方程模型揭示了商业银行反洗钱有效性影响因素的作用路径及其影响效应。运用反洗钱相关理论, 参考国际反洗钱规则、标准和我国相关反洗钱法律制度以及反洗钱工作实践等多种因素, 设计了商业银行反洗钱有效性评价指标体系, 根据指标体系和关键影响因素效应及中国反洗钱实际, 提出了提高我国商业银行反洗钱有效性的政策建议。
606 0  @a商业银行@Ashang ye yin hang@x洗钱罪@x犯罪控制@x有效性@x评价指标@x研究@y中国
690    @aD924.334@v5
701  0 @a张成虎,@Azhang cheng hu@f1958-@4著
701  0 @a王宝运@Awang bao yun@4著
701  0 @a孙陵霞@Asun ling xia@4著
801  0 @aCN@b湖北三新@c20160104
905    @aZUCC@dD924.334@e13
    
    商业银行反洗钱有效性评价/张成虎, 王宝运, 孙陵霞著.-北京:经济管理出版社,2015
    259页;24cm
    陕西省社科基金后期资助项目
    
    ISBN 978-7-5096-4006-7:CNY58.00
    本书在系统阐述商业银行在国家反洗钱中的核心地位与作用, 梳理商业银行反洗钱有效性的国内外文献及其现状的基础上, 深入剖析了商业银行反洗钱有效性的基本理论与方法, 通过问卷调查分析了影响商业银行反洗钱的关键因素, 构建结构方程模型揭示了商业银行反洗钱有效性影响因素的作用路径及其影响效应。运用反洗钱相关理论, 参考国际反洗钱规则、标准和我国相关反洗钱法律制度以及反洗钱工作实践等多种因素, 设计了商业银行反洗钱有效性评价指标体系, 根据指标体系和关键影响因素效应及中国反洗钱实际, 提出了提高我国商业银行反洗钱有效性的政策建议。
●
相关链接 在五车中查询图书 在当当中查询图书 在豆瓣中查询图书


正题名:商业银行反洗钱有效性评价     索取号:D924.334/13         预约/预借

序号 登录号 条形码 馆藏地/架位号 状态 备注
1 2001352308   2001352308   504书库/ [索取号:D924.334/13] 在馆    
2 2001352309   2001352309   504书库/ [索取号:D924.334/13] 在馆    
3 2001352310   2001352310   504书库/ [索取号:D924.334/13] 在馆    
4 2001352311   2001352311   504书库/ [索取号:D924.334/13] 在馆    
5 2001352312   2001352312   315书库/ [索取号:D924.334/13] 在馆    
6 2001352313   2001352313   315书库/ [索取号:D924.334/13] 在馆    
7 2001352314   2001352314   315书库/ [索取号:D924.334/13] 在馆    
8 2001352315   2001352315   315书库/ [索取号:D924.334/13] 在馆    
9 2001352316   2001352316   315书库/ [索取号:D924.334/13] 在馆    
10 2001352317   2001352317   315书库/ [索取号:D924.334/13] 在馆    
山东省滨州职业学院图书馆 欢迎您!
大连网信软件有限公司© 版权所有